| 000 | 00478nam a2200181Ia 4500 | ||
|---|---|---|---|
| 003 | GCL | ||
| 008 | 140319s9999 xx 000 0 eng d | ||
| 040 |
_aGCL / _cGCL |
||
| 082 | 0 | 4 |
_a340.115 _bH E |
| 100 | 1 | _aHUNT, ALAN | |
| 245 | 1 | 0 |
_aEXPLORATIONS IN LAW AND SOCIETY / _cHUNT, ALAN |
| 260 |
_a[S.N] : _bROUTLEDGE ، _c1993 |
||
| 300 | _a381 P | ||
| 650 | 0 | 4 | _aSOCIOLOGICAL JURIS PRUDENCE |
| 650 | 0 | 4 | _aCRITICAL LEGAL STUDIES |
| 650 | 0 | 4 | _aLAW - SOCIALISM |
| 942 |
_2ddc _cBK |
||
| 999 |
_c17681 _d17681 |
||